=LDR 00000nam 2200000 4500 =001 INLIS000000000016293 =005 20130612111551 =008 ***********************************Ind** =035 ##$$0010-061300000016293 =041 ##$$a Ind =082 ##$$a 591.04 =090 ##$$a 591.04, Oda b =100 ##$$a Oda, Hidetomo =245 ##$$a Binatan pantai, Hidetomo Oda ; alih bahasa, Tjita Singo =250 ##$$a seri misteri alam =260 ##$$a 1996 $b Jakarta =300 ##$$a 32 hlm., ilus, 23 cm =650 ##$$a Binatang pantai =700 ##$$a Singo, Cita =850 ##$$a NBPNMAT